000 00948nas a2200277 4500
001 BR2014005865
003 BR-BrBNA
005 20231205124552.0
007 ta
008 230509b bl.|||p| |||| 00| 00por d
040 _aBR-BrBNA
_bpor
_cBiblioteca Nacional de Agricultura
041 _a(Pt)
072 _aL01; Q04; P40
100 1 _aMalheiros Filho, J.R.
100 1 _aFurtado, D.A.
100 1 _aNascimento, J.W.B. do
100 1 _aOliveira, C.J.B. de
245 1 _aProdução, qualidade do leite e índices fisiológicos de cabras Alpinas no semiárido no período chuvoso
650 _aCAPRINOCULTURA
650 _aANÁLISE DE ALIMENTO
650 _aPROPRIEDADE FÍSICO-QUÍMICA
650 _aPRODUÇÃO LEITEIRA
773 0 _tRevista Brasileira de Engenharia Agrícola e Ambiental (Brazil)
_xISSN 1415-4366
_g(Jul 2014), V. 18(7) p. 762-768
_wBR2014005865
909 _a202311
_bLúcia
_c55
_dLúcia Elande
942 _2AGRIS
_n0
_cANA
999 _c239762
_d239762